| 000 | 01542cam a2200445 i 4500 | ||
|---|---|---|---|
| 001 | nkc20243625934 | ||
| 003 | CZ PrSKC | ||
| 005 | 20260415092930.0 | ||
| 007 | ta | ||
| 008 | 240812s2024 xr a a 000 p cze d | ||
| 020 | _a9788076880412 | ||
| 020 | _a9788076882379 | ||
| 040 |
_aSVG503 _bcze _dSVG503 _dCBA001 _dABA001 _erda |
||
| 072 | 7 |
_a821.162.3-1 _xČeská poezie _2Konspekt |
|
| 072 | 7 |
_a821-93 _xLiteratura pro děti a mládež (beletrie) _2Konspekt |
|
| 080 |
_a821.162.3-1 _2MRF |
||
| 080 |
_a821-93 _2MRF |
||
| 080 |
_a(0:82-193) _2MRF |
||
| 080 |
_a(0.025.2) _2MRF |
||
| 100 | 1 |
_aWhitcroft, Ladislava, _d1973- _4aut _916877 |
|
| 245 | 1 | 0 |
_aBásničky na dobrou noc / _ctexty: Ladislava Whitcraft ; ilustrace: Michaela Pešlová |
| 250 | _a1. vydání | ||
| 264 | 1 |
_aPraha : _bAlbi, _c[2024] |
|
| 300 |
_a14 nečíslovaných stran : _bbarevné ilustrace ; _c18 cm |
||
| 490 | 1 | _aKvído | |
| 500 | _aJméno autorky je uvedeno chybně, správně má být: Ladislava Whitcroft | ||
| 500 | _aKartonové listy | ||
| 520 | 2 | _aŠest rytmických básniček doplněných obrázky, jednoduchými pohyby a gesty a zklidňujícím cvičením před usnutím. | |
| 655 | 7 |
_ačeská poezie _9923 |
|
| 655 | 7 |
_aříkadla _9478 |
|
| 655 | 7 |
_aleporela _9906 |
|
| 655 | 7 | _apublikace pro děti | |
| 655 | 9 |
_aCzech poetry _9926 |
|
| 655 | 9 |
_achildren's poetry _9479 |
|
| 655 | 9 |
_afolding picture-books _97353 |
|
| 655 | 9 | _achildren's literature | |
| 700 | 1 |
_aPešlová, Michaela _4ill _99746 |
|
| 910 | _aDosA | ||
| 999 |
_c34171 _d34171 |
||